<?xml version="1.0" encoding="UTF-8"?><?xml-stylesheet type="text/xsl" href="static/style.xsl"?><OAI-PMH xmlns="http://www.openarchives.org/OAI/2.0/" xmlns:xsi="http://www.w3.org/2001/XMLSchema-instance" xsi:schemaLocation="http://www.openarchives.org/OAI/2.0/ http://www.openarchives.org/OAI/2.0/OAI-PMH.xsd"><responseDate>2026-04-30T05:10:44Z</responseDate><request verb="GetRecord" identifier="oai:uvadoc.uva.es:10324/4483" metadataPrefix="marc">https://uvadoc.uva.es/oai/request</request><GetRecord><record><header><identifier>oai:uvadoc.uva.es:10324/4483</identifier><datestamp>2021-06-29T09:44:29Z</datestamp><setSpec>com_10324_38</setSpec><setSpec>col_10324_852</setSpec></header><metadata><record xmlns="http://www.loc.gov/MARC21/slim" xmlns:doc="http://www.lyncode.com/xoai" xmlns:xsi="http://www.w3.org/2001/XMLSchema-instance" xmlns:dcterms="http://purl.org/dc/terms/" xsi:schemaLocation="http://www.loc.gov/MARC21/slim http://www.loc.gov/standards/marcxml/schema/MARC21slim.xsd">
<leader>00925njm 22002777a 4500</leader>
<datafield tag="042" ind1=" " ind2=" ">
<subfield code="a">dc</subfield>
</datafield>
<datafield tag="720" ind1=" " ind2=" ">
<subfield code="a">Villameriel Martínez, Henar</subfield>
<subfield code="e">author</subfield>
</datafield>
<datafield tag="260" ind1=" " ind2=" ">
<subfield code="c">2014</subfield>
</datafield>
<datafield tag="520" ind1=" " ind2=" ">
<subfield code="a">Este proyecto está basado en el lenguaje oral en educación infantil, de la importancia que tiene su correcto desarrollo en esta etapa y de cómo podemos trabajar con ello mediante una propuesta de intervención. Esta serie de actividades vienen encabezadas por la música, un punto clave a la hora de trabajar con el lenguaje, además de otras capacidades. Los trastornos son diversos, pero en este proyecto trabajamos tres en concreto, ya que en el lenguaje pueden aparecer ciertas anomalías, que en algunos casos puede desembocar en ciertos trastornos o simplemente ser algo pasajero. En definitiva, este proyecto es un acercamiento al mundo del lenguaje infantil.</subfield>
</datafield>
<datafield tag="024" ind2=" " ind1="8">
<subfield code="a">http://uvadoc.uva.es/handle/10324/4483</subfield>
</datafield>
<datafield ind1=" " ind2=" " tag="653">
<subfield code="a">Comunicación oral - Estudio y enseñanza</subfield>
</datafield>
<datafield tag="245" ind1="0" ind2="0">
<subfield code="a">La música como recurso para el desarrollo del lenguaje oral en Educación Infantil</subfield>
</datafield>
</record></metadata></record></GetRecord></OAI-PMH>